[Event "Ch. Provence 2006"]
[Site "?"]
[Date "2005.11.05"]
[Round "1"]
[White "Ferrero, Patrick"]
[Black "Jean, Olivier"]
[Result "0-1"]
[WhiteElo "2031"]
[BlackElo "2190"]
[PlyCount "64"]
[EventDate "2005.??.??"]

{188MB, M} 1. d4 Nf6 2. Nf3 g6 3. Bg5 Bg7 4. Nbd2 c5 5. c3 d6 6. dxc5 dxc5 7.
e4 Nc6 8. Qc2 O-O 9. Be2 Qc7 10. O-O h6 11. Bh4 Nh5 12. Rfe1 g5 13. Bg3 Nxg3
14. hxg3 e6 15. Rad1 Bd7 16. Nc4 Rad8 17. Rd2 g4 18. Nh4 h5 19. Red1 Ne5 20.
Nxe5 Bxe5 21. Kh2 Bc6 22. b4 Qe7 23. Kg1 b6 24. b5 Bb7 25. Bc4 Ba8 26. a3 Rxd2
27. Qxd2 Qf6 28. f4 Bxc3 29. e5 Bxd2 30. exf6 Be3+ 31. Kf1 Bd4 32. f5 Bd5 0-1

[Event "Ch. Provence 2006"]
[Site "?"]
[Date "2005.11.05"]
[Round "1"]
[White "Jean, Claude"]
[Black "Rosso, Marco"]
[Result "1/2-1/2"]
[WhiteElo "2202"]
[BlackElo "1949"]
[PlyCount "109"]
[EventDate "2005.??.??"]

{188MB, M} 1. e4 Nf6 2. e5 Nd5 3. d4 d6 4. c4 Nb6 5. exd6 cxd6 6. Nc3 g6 7. Nf3
Bg7 8. h3 O-O 9. Be3 Nc6 10. Qd2 d5 11. c5 Nc4 12. Bxc4 dxc4 13. O-O Bf5 14. b3
cxb3 15. axb3 Qd7 16. Rfd1 Rfd8 17. d5 Ne5 18. Nxe5 Bxe5 19. f4 Bf6 20. Rac1
Rac8 21. b4 a6 22. Bd4 Bxd4+ 23. Qxd4 h5 24. Qe5 Re8 25. Qe2 Qc7 26. Qc4 Qd7
27. Qd4 Red8 28. Qe3 Re8 29. Qf2 Red8 30. Rd2 Qc7 31. Na4 Rd6 32. Rcd1 Rf6 33.
Nb6 Rxb6 34. cxb6 Qd6 35. Qd4 Bd7 36. Re1 Bb5 37. Qe3 Qxb4 38. Rd4 Qc5 39. Re4
Qxd5 40. Re5 Qa2 41. Rc5 Rxc5 42. Qxc5 Bc6 43. Qf2 Qa3 44. Qe3 Qb2 45. Re2 Qb1+
46. Kh2 e6 47. Qd4 Bd5 48. Rb2 Qc1 49. Qf2 Qc3 50. Rc2 Qf6 51. Qe3 Kg7 52. Qd2
Kh7 53. Rc8 h4 54. Qb4 a5 55. Qd2 1/2-1/2

[Event "Ch. Provence 2006"]
[Site "?"]
[Date "2005.11.05"]
[Round "1"]
[White "Deleau, Denis"]
[Black "Zejneli, Skender"]
[Result "1-0"]
[WhiteElo "2124"]
[BlackElo "2070"]
[PlyCount "89"]
[EventDate "2005.??.??"]

1. e4 c5 2. Nc3 e6 3. g3 Nc6 4. Bg2 Nf6 5. Nge2 Be7 6. O-O O-O 7. d4 cxd4 8.
Nxd4 e5 9. Nf5 d6 10. Nxe7+ Qxe7 11. Bg5 Be6 12. Qd2 Rad8 13. Rad1 h6 14. Bxf6
Qxf6 15. f4 exf4 16. gxf4 g6 17. f5 Bc4 18. Rf3 g5 19. b3 Ba6 20. Nd5 Qg7 21.
f6 Qh7 22. Rg3 Ne5 23. h4 g4 24. h5 Kh8 25. Ne7 b6 26. Qf4 Be2 27. Rd5 Rfe8 28.
c4 Rd7 29. Kf2 Bf3 30. Bxf3 Nxf3 31. Rxg4 Ng5 32. Rdxg5 hxg5 33. Qxg5 Rdd8 34.
Qg7+ Qxg7 35. fxg7+ Kh7 36. g8=Q+ Rxg8 37. Nxg8 Rxg8 38. Rxg8 Kxg8 39. Kg3 Kh7
40. Kh4 Kh6 41. Kg4 a6 42. a3 a5 43. b4 a4 44. e5 dxe5 45. c5 1-0

[Event "Ch. Provence 2006"]
[Site "?"]
[Date "2005.11.26"]
[Round "2"]
[White "Rosso, Marco"]
[Black "Deleau, Denis"]
[Result "1/2-1/2"]
[WhiteElo "1949"]
[BlackElo "2124"]
[PlyCount "90"]
[EventDate "2005.??.??"]

{188MB, M} 1. d4 g6 2. Nf3 Bg7 3. c4 d6 4. Nc3 Nd7 5. g3 e5 6. Bg2 Ne7 7. O-O
O-O 8. e4 exd4 9. Nxd4 Nc6 10. Be3 Nde5 11. Nxc6 bxc6 12. Bd4 Nxc4 13. Bxg7
Kxg7 14. b3 Nb6 15. f4 Qe7 16. Rc1 Ba6 17. Re1 Rad8 18. Qd2 Rfe8 19. Qb2 Kg8
20. Qa3 Bb5 21. Nxb5 cxb5 22. Qxa7 Rd7 23. Bh3 f5 24. Qa5 Qf6 25. Qxb5 Qd4+ 26.
Kh1 Rxe4 27. Rxe4 Qxe4+ 28. Bg2 Qe3 29. Rd1 Re7 30. a4 Nd7 31. a5 Nf6 32. Bd5+
Kg7 33. Qd3 Qa7 34. b4 Qf2 35. Bf3 Re1+ 36. Rxe1 Qxe1+ 37. Kg2 Qxb4 38. a6 Qb2+
39. Kg1 Ng4 40. Bxg4 fxg4 41. Qc4 Qb6+ 42. Kg2 Qb2+ 43. Kg1 Qb6+ 44. Kg2 Kf6
45. Qa4 Qb2+ 1/2-1/2

[Event "Ch. Provence 2006"]
[Site "2006"]
[Date "2005.11.26"]
[Round "2"]
[White "Busson, Benoist"]
[Black "Jean, Claude"]
[Result "0-1"]
[WhiteElo "2089"]
[BlackElo "2202"]
[PlyCount "80"]
[EventDate "2005.??.??"]

1. e4 c5 2. a3 d5 3. d4 dxe4 4. d5 Nf6 5. Nc3 Bf5 6. Nge2 a6 7. h3 h5 8. Bg5
Nbd7 9. Ng3 Bg6 10. Qe2 Qc7 11. Ncxe4 Nxe4 12. Nxe4 Qe5 13. d6 Qxe4 14. Qxe4
Bxe4 15. O-O-O f6 16. dxe7 Bxe7 17. Bf4 g5 18. Bc7 Rc8 19. Bh2 b5 20. f3 Bf5
21. a4 c4 22. axb5 axb5 23. Re1 Kf7 24. g4 Bg6 25. Bg2 Rc5 26. f4 gxf4 27. Bxf4
hxg4 28. Rd1 Ne5 29. Bd5+ Kg7 30. Rhg1 Nd3+ 31. cxd3 cxd3+ 32. Kb1 d2+ 33. Ka2
Rxd5 34. Bxd2 Ra8+ 35. Kb3 Rd3+ 36. Bc3 Rxd1 37. Rxd1 Bf7+ 38. Kc2 b4 39. Be1
Rc8+ 40. Kb1 Bg6+ 0-1

[Event "Ch. Provence 2006"]
[Site "?"]
[Date "2005.11.26"]
[Round "2"]
[White "Jean, Olivier"]
[Black "Chauvet, Jean-Marc"]
[Result "1/2-1/2"]
[WhiteElo "2190"]
[BlackElo "1958"]
[PlyCount "112"]
[EventDate "2005.??.??"]

{4096kB, POWER.ctg. PentiumII} 1. Nf3 e6 2. c4 Nf6 3. g3 b6 4. Bg2 Bb7 5. O-O
Be7 6. b3 O-O 7. Bb2 d6 8. d3 Nbd7 9. e4 e5 10. Nc3 Nc5 11. Qc2 Re8 12. Nd5 Bf8
13. Rae1 c6 14. Nxf6+ Qxf6 15. d4 Nd7 16. Rd1 Rad8 17. Rd2 Qe7 18. Nh4 g6 19.
dxe5 dxe5 20. Rfd1 f6 21. b4 c5 22. b5 Nb8 23. Bh3 Kf7 24. f3 Bh6 25. Rd3 Bc8
26. Bxc8 Rxc8 27. Ng2 Red8 28. Rd5 Rxd5 29. exd5 Qd6 30. Qe4 Bg7 31. f4 f5 32.
Bxe5 fxe4 33. Bxd6 Bd4+ 34. Kf1 Nd7 35. Ke2 a6 36. Rd2 axb5 37. cxb5 Ra8 38.
Ne3 Ra5 39. Nc4 Rxb5 40. Be5 Rb4 41. Bxd4 Rxc4 42. Be5 g5 43. Rb2 gxf4 44. Bxf4
Nf6 45. d6 Nd7 46. g4 Ke6 47. h4 Ra4 48. g5 Kf5 49. Bd2 Rd4 50. Rb3 Rxd6 51.
Rh3 Ne5 52. Rh1 Nf3 53. Be3 Rd3 54. Rb1 Ra3 55. Rxb6 Rxa2+ 56. Kd1 Rh2 1/2-1/2

[Event "Ch. Provence 2006"]
[Site "2006"]
[Date "2005.11.26"]
[Round "2"]
[White "Zejneli, Skender"]
[Black "Ferrero, Patrick"]
[Result "1-0"]
[WhiteElo "2070"]
[BlackElo "2031"]
[PlyCount "97"]
[EventDate "2005.??.??"]

1. Nf3 d5 2. g3 Nf6 3. Bg2 Nbd7 4. d4 e6 5. O-O Be7 6. c4 c6 7. b3 O-O 8. Nc3
Bb4 9. Bd2 Qe7 10. Qc2 Rd8 11. e3 b6 12. cxd5 cxd5 13. a3 Bxc3 14. Bxc3 Ba6 15.
Bb4 Qe8 16. Rfc1 Rac8 17. Qb2 Ne4 18. a4 Rxc1+ 19. Rxc1 Rc8 20. Nd2 Nxd2 21.
Qxd2 Rxc1+ 22. Qxc1 Qc8 23. Qxc8+ Bxc8 24. Bf1 f6 25. Bd6 Kf7 26. Bb5 e5 27.
Kf1 Ke6 28. Bc7 e4 29. Ke1 Kf5 30. Bc6 Kg4 31. Bxd5 Kf3 32. b4 f5 33. b5 Nf6
34. Bb3 Ng4 35. Bb8 Nxf2 36. Bxa7 Kxe3 37. Bxb6 Nd3+ 38. Kf1 Kd2 39. Ba5+ Ke3
40. d5 f4 41. gxf4 Bh3+ 42. Kg1 Nxf4 43. Bb6+ Ke2 44. a5 e3 45. Bc4+ Kf3 46.
Bxe3 Kxe3 47. b6 Kf3 48. Bf1 Bc8 49. a6 1-0

[Event "Ch. Provence 2006"]
[Site "?"]
[Date "2005.12.22"]
[Round "2"]
[White "Metras, Dominique"]
[Black "Tonnaire, Christophe"]
[Result "1/2-1/2"]
[WhiteElo "2079"]
[BlackElo "2042"]
[PlyCount "42"]
[EventDate "2000.??.??"]

1. c4 Nf6 2. g3 c5 3. Bg2 Nc6 4. Nc3 e6 5. Nf3 b6 6. d4 cxd4 7. Nxd4 Bb7 8. O-O
Na5 9. Qd3 Bxg2 10. Kxg2 Rc8 11. b3 Bb4 12. Bb2 O-O 13. Rac1 d5 14. cxd5 Bxc3
15. Bxc3 Qxd5+ 16. Kg1 Nb7 17. Qf3 Rfd8 18. Bb2 Qxf3 19. Nxf3 Nd5 20. Rfd1 Rxc1
21. Rxc1 Nc5 1/2-1/2

[Event "Ch. Provence 2006"]
[Site "2006"]
[Date "2005.12.10"]
[Round "3"]
[White "Jean, Claude"]
[Black "Metras, Dominique"]
[Result "1-0"]
[WhiteElo "2202"]
[BlackElo "2079"]
[PlyCount "83"]
[EventDate "2005.??.??"]

1. e4 c5 2. Nf3 d6 3. d4 cxd4 4. Nxd4 Nf6 5. Nc3 a6 6. Bg5 e6 7. f4 Be7 8. Qf3
Qa5 9. O-O-O O-O 10. g4 Bd7 11. Bxf6 Bxf6 12. g5 Be7 13. h4 Nc6 14. Nb3 Qc7 15.
f5 Ne5 16. Qf2 Rfc8 17. f6 Bf8 18. Kb1 b5 19. Rd4 Rab8 20. Nd1 a5 21. Ne3 a4
22. Nc1 Qc5 23. Rd2 Qc6 24. Nd3 Nc4 25. Re2 Qxe4 26. Bg2 Qd4 27. Rf1 Be8 28.
Qg3 Nxe3 29. Rxe3 Rc4 30. Re4 Qb6 31. h5 d5 32. Re2 Bd6 33. Qf3 Qd4 34. Rxe6
fxe6 35. f7+ Bxf7 36. Qxf7+ Kh8 37. Qxe6 Qb6 38. Bxd5 Rcc8 39. h6 Bc7 40. hxg7+
Kxg7 41. Qf7+ Kh8 42. Be4 1-0

[Event "Ch. Provence 2006"]
[Site "2006"]
[Date "2005.12.10"]
[Round "3"]
[White "Deleau, Denis"]
[Black "Busson, Benoist"]
[Result "1-0"]
[WhiteElo "2124"]
[BlackElo "2089"]
[PlyCount "91"]
[EventDate "2005.??.??"]

1. e4 d5 2. exd5 Qxd5 3. Nc3 Qd6 4. d4 Nf6 5. Nf3 c6 6. Ne5 Bf5 7. Bc4 e6 8. g4
Bxc2 9. Qxc2 Qxd4 10. Qe2 Bb4 11. Nxf7 O-O 12. O-O Rxf7 13. Rd1 Qb6 14. Qxe6
Nd5 15. Be3 Qc7 16. Nxd5 cxd5 17. Bxd5 Nc6 18. Qxf7+ Qxf7 19. Bxf7+ Kxf7 20.
Rd7+ Kg8 21. Rxb7 a5 22. Rc1 Ne5 23. Rcc7 Bf8 24. h3 Rd8 25. Kg2 Ng6 26. Bc5
Nf4+ 27. Kg3 Ne6 28. Bxf8 Rd3+ 29. f3 Nxc7 30. Bxg7 Ne6 31. Bc3 Nc5 32. Rb8+
Kf7 33. Bxa5 Ne4+ 34. Kf4 Nc5 35. Rb5 Ne6+ 36. Ke4 Rd1 37. h4 h6 38. Bc3 Rh1
39. Kf5 Nd8 40. Bf6 Nc6 41. Rb7+ Ke8 42. Kg6 Rf1 43. Rc7 Nb4 44. Re7+ Kf8 45.
Re6 Nd5 46. Bg7+ 1-0

[Event "Ch. Provence 2006"]
[Site "2006"]
[Date "2005.12.10"]
[Round "3"]
[White "Ferrero, Patrick"]
[Black "Rosso, Marco"]
[Result "1/2-1/2"]
[WhiteElo "2031"]
[BlackElo "1949"]
[PlyCount "91"]
[EventDate "2005.??.??"]

1. d4 Nf6 2. Nf3 d5 3. Bf4 Bf5 4. e3 e6 5. Be2 Bd6 6. Ne5 Nbd7 7. Nd2 Bxe5 8.
dxe5 Ne4 9. h4 h6 10. f3 Nxd2 11. Qxd2 c5 12. Rd1 O-O 13. e4 dxe4 14. Qxd7 Qa5+
15. Qd2 Qxa2 16. Qc3 b6 17. Kf2 Rad8 18. Rd6 Qa4 19. b3 Qe8 20. Rhd1 Qe7 21. g4
Bh7 22. g5 Bf5 23. Qd2 Rxd6 24. Qxd6 Qb7 25. Rd2 exf3 26. Bxf3 Be4 27. Bxe4
Qxe4 28. Bg3 hxg5 29. Qd3 Qg4 30. hxg5 Qxg5 31. Qe3 Qe7 32. Ke1 Rd8 33. Bf4
Qh4+ 34. Bg3 Qh1+ 35. Kf2 Rxd2+ 36. Qxd2 Qe4 37. Qd8+ Kh7 38. Qh4+ Qxh4 39.
Bxh4 Kg6 40. Kf3 Kf5 41. Bg3 g5 42. Ke3 a6 43. Bh2 b5 44. Kd3 Kg4 45. Bg1 Kf5
46. Bh2 1/2-1/2

[Event "Ch. Provence 2006"]
[Site "2006"]
[Date "2005.12.10"]
[Round "3"]
[White "Chauvet, Jean-Marc"]
[Black "Zejneli, Skender"]
[Result "1-0"]
[WhiteElo "1958"]
[BlackElo "2070"]
[PlyCount "86"]
[EventDate "2005.??.??"]

1. e4 c5 2. Nf3 e6 3. d4 cxd4 4. Nxd4 Nc6 5. Nc3 Nf6 6. Bg5 Be7 7. Qd2 O-O 8.
Be2 a6 9. O-O Qa5 10. Nb3 Qc7 11. f4 h6 12. Bxf6 Bxf6 13. e5 Be7 14. Ne4 f6 15.
exf6 Bxf6 16. Nxf6+ Rxf6 17. Rad1 b6 18. f5 d5 19. c4 dxc4 20. Bxc4 Ne5 21.
Qd8+ Qxd8 22. Rxd8+ Rf8 23. fxe6 Rxd8 24. e7+ Be6 25. Bxe6+ Kh7 26. exd8=Q Rxd8
27. Re1 Nc6 28. Bf5+ g6 29. Bxg6+ Kg7 30. Re6 Nb4 31. a3 Nd5 32. Nd4 Nf6 33.
Bd3 Rxd4 34. Bxa6 Ng4 35. Be2 Nf6 36. Rxb6 Rd2 37. Bf3 Nd7 38. Rb5 Kf6 39. Rd5
Rxd5 40. Bxd5 Ke5 41. Bc6 Nc5 42. b4 Kd6 43. bxc5+ Kxc6 1-0

[Event "Ch. Provence 2006"]
[Site "2006"]
[Date "2005.12.10"]
[Round "3"]
[White "Tonnaire, Christophe"]
[Black "Jean, Olivier"]
[Result "0-1"]
[WhiteElo "2042"]
[BlackElo "2190"]
[PlyCount "64"]
[EventDate "2005.??.??"]

1. e4 c5 2. Nf3 e6 3. d4 cxd4 4. Nxd4 a6 5. c4 Nf6 6. Bd3 Qb6 7. Nb3 d6 8. Be3
Qc7 9. Nc3 Be7 10. Rc1 Nbd7 11. f4 b6 12. O-O Bb7 13. g4 Nc5 14. Nxc5 bxc5 15.
g5 Nd7 16. h4 g6 17. Rf2 h6 18. Qg4 hxg5 19. hxg5 O-O-O 20. Rh2 Rxh2 21. Kxh2
Rh8+ 22. Kg1 Bf8 23. a3 Bg7 24. b4 Qd8 25. Na4 Rh5 26. bxc5 dxc5 27. Rd1 Qh8
28. Qg2 Bd4 29. Bxd4 Qxd4+ 30. Kf1 Qe3 31. Rd2 Rh3 32. Be2 Bxe4 0-1

[Event "Ch. Provence 2006"]
[Site "?"]
[Date "2006.01.07"]
[Round "4"]
[White "Busson, Benoist"]
[Black "Ferrero, Patrick"]
[Result "0-1"]
[WhiteElo "2089"]
[BlackElo "2031"]
[PlyCount "134"]
[EventDate "2006.??.??"]

1. e4 c5 2. a3 Nc6 3. b4 cxb4 4. axb4 Nxb4 5. d4 g6 6. c3 Nc6 7. d5 Na5 8. Qd4
Nf6 9. Nd2 Bh6 10. Ngf3 O-O 11. e5 Ne8 12. Qh4 Bg7 13. d6 Nc6 14. Ne4 exd6 15.
Bg5 Qc7 16. Bf6 d5 17. Bxg7 Kxg7 18. Nf6 h6 19. Nxd5 Qd8 20. Qxd8 Nxd8 21. Nb6
Rb8 22. Rxa7 Nc6 23. Ra4 d6 24. exd6 Nxd6 25. Bd3 Re8+ 26. Kd2 Be6 27. Rha1
Rbd8 28. Kc2 Bf5 29. Bxf5 Nxf5 30. R1a2 Re2+ 31. Kb3 Rxa2 32. Rxa2 Rd1 33. Kc4
Nd6+ 34. Kb3 Rb1+ 35. Rb2 Rxb2+ 36. Kxb2 Ne4 37. Nd7 Nxf2 38. Nc5 b6 39. Nd7 b5
40. Kb3 Nd3 41. Kc2 Nf4 42. g3 Nd5 43. Kd3 Nc7 44. Nd4 Nd8 45. Kc2 g5 46. g4
Nde6 47. Nf5+ Kh7 48. Ne5 f6 49. Nf7 h5 50. gxh5 Nf4 51. Ng3 Kg7 52. Nd6 Nfd5
53. Kd3 g4 54. Kd4 b4 55. c4 Nf4 56. c5 Nfe6+ 57. Kc4 b3 58. Nde4 b2 59. Nc3
Kh6 60. Nge4 f5 61. Nd2 Kxh5 62. Nd5 f4 63. Nxc7 Nxc7 64. Kd3 Kh4 65. Ke4 g3
66. Kf3 Kh3 67. hxg3 fxg3 0-1

[Event "Ch. Provence 2006"]
[Site "2006"]
[Date "2006.01.07"]
[Round "4"]
[White "Rosso, Marco"]
[Black "Chauvet, Jean-Marc"]
[Result "1-0"]
[WhiteElo "1949"]
[BlackElo "1958"]
[PlyCount "69"]
[EventDate "2006.??.??"]

1. d4 Nf6 2. c4 e6 3. Nf3 b6 4. g3 Bb4+ 5. Bd2 Bxd2+ 6. Qxd2 Bb7 7. Bg2 O-O 8.
Nc3 a6 9. O-O d6 10. Qc2 Nbd7 11. Rad1 Qe7 12. e4 e5 13. Nd5 Bxd5 14. cxd5 Ra7
15. b4 Rb8 16. a4 Ne8 17. Bh3 Nf8 18. Rfe1 Qf6 19. Re3 a5 20. b5 g5 21. Bf5 h5
22. Qc3 g4 23. dxe5 Qg7 24. Nd4 Raa8 25. exd6 cxd6 26. Nc6 Rb7 27. e5 Qg5 28.
Qd3 Nd7 29. Bxd7 Rxd7 30. e6 Rb7 31. Rde1 f5 32. e7 Rc8 33. Re6 Rcc7 34. Qd4
Qg7 35. Qf4 1-0

[Event "Ch. Provence 2006"]
[Site "2006"]
[Date "2006.01.07"]
[Round "4"]
[White "Jean, Claude"]
[Black "Deleau, Denis"]
[Result "1-0"]
[WhiteElo "2202"]
[BlackElo "2124"]
[PlyCount "55"]
[EventDate "2006.??.??"]

1. d4 Nf6 2. c4 c5 3. e3 e6 4. Nf3 Be7 5. Nc3 d6 6. Bd3 O-O 7. O-O Nc6 8. b3
cxd4 9. exd4 d5 10. Bb2 a6 11. c5 Bd7 12. Rc1 Be8 13. Re1 b6 14. cxb6 Qxb6 15.
Na4 Qa7 16. a3 a5 17. Nc3 Qb7 18. Rb1 Rb8 19. Bc1 Na7 20. Bg5 Rc8 21. Na2 Bb5
22. Bc2 Bxa3 23. Bxf6 gxf6 24. Re3 f5 25. Ng5 Be7 26. Qh5 Bxg5 27. Qxg5+ Kh8
28. Qf6+ 1-0

[Event "Ch. Provence 2006"]
[Site "2006"]
[Date "2006.01.07"]
[Round "4"]
[White "Metras, Dominique"]
[Black "Jean, Olivier"]
[Result "0-1"]
[WhiteElo "2079"]
[BlackElo "2190"]
[PlyCount "110"]
[EventDate "2006.??.??"]

1. c4 e5 2. g3 Nf6 3. Bg2 d5 4. cxd5 Nxd5 5. Nc3 Nb6 6. d3 Nc6 7. Nf3 Be7 8.
O-O O-O 9. a3 Be6 10. b4 f6 11. Bb2 a5 12. b5 Nd4 13. Nxd4 exd4 14. Na4 Bd5 15.
Nxb6 cxb6 16. Bxd5+ Qxd5 17. Qa4 Rfd8 18. Rfc1 Bc5 19. Qc4 a4 20. Qxd5+ Rxd5
21. Rc4 h5 22. Rb1 h4 23. Kg2 hxg3 24. hxg3 Kf7 25. Rh1 Ra5 26. Rh4 Rxb5 27.
Bxd4 g5 28. Bxc5 gxh4 29. Bb4 hxg3 30. Kxg3 Rg5+ 31. Kf3 Rbf5+ 32. Ke3 Re5+ 33.
Kd2 Rg2 34. Rf4 b5 35. Bc3 Re6 36. d4 Kg6 37. d5 Rd6 38. e4 Rg1 39. Bb4 Rd7 40.
Bc3 Rf7 41. Rf5 Rb1 42. d6 Rb3 43. Bb4 Rd7 44. Rd5 Kf7 45. Rd3 Rxb4 46. axb4
Ke6 47. f4 Rxd6 48. Rxd6+ Kxd6 49. Kc3 Ke6 50. Kd4 Kf7 51. Kc3 Kg6 52. Kd4 Kh5
53. e5 fxe5+ 54. fxe5 Kg6 55. Kd5 Kf7 0-1

[Event "Ch. Provence 2006"]
[Site "?"]
[Date "2006.01.07"]
[Round "4"]
[White "Zejneli, Skender"]
[Black "Tonnaire, Christophe"]
[Result "0-1"]
[WhiteElo "2070"]
[BlackElo "2042"]
[PlyCount "76"]
[EventDate "2006.??.??"]

1. d4 c5 2. d5 e6 3. c4 exd5 4. cxd5 d6 5. Nc3 g6 6. e4 Bg7 7. Bd3 Nf6 8. Bg5
O-O 9. f4 Qa5 10. Qd2 a6 11. Nf3 Re8 12. O-O c4 13. Bxc4 Qc5+ 14. Qd4 Qxd4+ 15.
Nxd4 Nxe4 16. Nce2 Bg4 17. Nf3 Bxf3 18. gxf3 Nd2 19. Rac1 Nxf1 20. Kxf1 Nd7 21.
b3 Rac8 22. f5 b5 23. Bd3 Rxc1+ 24. Nxc1 Bf6 25. Bf4 Be5 26. Bg3 Nf6 27. fxg6
hxg6 28. f4 Bb2 29. Ne2 Nxd5 30. f5 Ne3+ 31. Kf2 Nxf5 32. Bxf5 gxf5 33. Bxd6
Be5 34. Bxe5 Rxe5 35. Kf3 Kg7 36. Nd4 Kg6 37. a3 Re1 38. Nc6 Ra1 0-1

[Event "Ch. Provence 2006"]
[Site "2006"]
[Date "2006.01.21"]
[Round "5"]
[White "Tonnaire, Christophe"]
[Black "Rosso, Marco"]
[Result "0-1"]
[WhiteElo "2042"]
[BlackElo "1949"]
[PlyCount "86"]
[EventDate "2006.??.??"]

1. e4 Nf6 2. e5 Nd5 3. d4 d6 4. c4 Nb6 5. exd6 cxd6 6. Nc3 g6 7. Be3 Bg7 8. Rc1
O-O 9. b3 Nc6 10. Nf3 Bg4 11. Be2 Rc8 12. O-O a6 13. Qd2 Re8 14. Rfd1 Nd7 15.
h3 Bxf3 16. Bxf3 Nf6 17. g4 Kh8 18. Bg2 Kg8 19. f4 Nd7 20. Ne4 Nf6 21. d5 Nxe4
22. Bxe4 Nb8 23. Qf2 Nd7 24. b4 a5 25. c5 axb4 26. c6 Nc5 27. Bxc5 dxc5 28.
Qxc5 bxc6 29. dxc6 Qc7 30. Qe3 Red8 31. Kg2 Ra8 32. Rxd8+ Rxd8 33. Kf3 Bc3 34.
Rc2 e5 35. f5 Rd1 36. f6 Rf1+ 37. Rf2 Bd4 38. Qh6 Rxf2+ 39. Kg3 Rxf6 40. Qg5
Rxc6 41. Bxc6 Qxc6 42. Qd8+ Kg7 43. g5 Bb2 0-1

[Event "Ch. Provence 2006"]
[Site "?"]
[Date "2006.01.28"]
[Round "5"]
[White "Chauvet, Jean-Marc"]
[Black "Busson, Benoist"]
[Result "1-0"]
[WhiteElo "1964"]
[BlackElo "2089"]
[PlyCount "95"]
[EventDate "2006.??.??"]

1. e4 Nc6 2. Nf3 Nf6 3. e5 Ng4 4. d4 d6 5. exd6 Qxd6 6. Bc4 Bf5 7. c3 e6 8. Nh4
O-O-O 9. Be2 h5 10. Na3 Be7 11. Nxf5 exf5 12. Nc4 Qd5 13. Ne3 Nxe3 14. Bxe3 g5
15. Bf3 Qd6 16. Qa4 f4 17. Bd2 Kb8 18. O-O-O Qd7 19. h4 g4 20. Bxc6 Qxc6 21.
Qxc6 bxc6 22. Bxf4 Rd5 23. Rde1 Bf6 24. g3 Rhd8 25. Re4 a5 26. a4 c5 27. dxc5
Rxc5 28. Rd1 Kc8 29. Be3 Rf5 30. Rc4 Rxd1+ 31. Kxd1 Rd5+ 32. Kc2 Be5 33. Rc5
Rxc5 34. Bxc5 Kd7 35. Kd3 Kc6 36. Kc4 f5 37. Be3 Bd6 38. b4 axb4 39. cxb4 Kb7
40. b5 c6 41. a5 cxb5+ 42. Kxb5 Be7 43. a6+ Kb8 44. Kc6 Bd8 45. Kd5 f4 46.
Bxf4+ Ka7 47. Ke5 Kxa6 48. Kf5 1-0

[Event "Ch. Provence 2006"]
[Site "?"]
[Date "2006.01.28"]
[Round "5"]
[White "Deleau, Denis"]
[Black "Metras, Dominique"]
[Result "1-0"]
[WhiteElo "2123"]
[BlackElo "2079"]
[PlyCount "83"]
[EventDate "2006.??.??"]

1. e4 c5 2. Nf3 d6 3. c3 Nf6 4. Be2 Nc6 5. d4 cxd4 6. cxd4 Nxe4 7. d5 Qa5+ 8.
Nc3 Nxc3 9. bxc3 Nb8 10. O-O Nd7 11. Be3 Nf6 12. Qb3 Qc7 13. Bd4 g6 14. Bb5+
Bd7 15. Bxf6 exf6 16. Rfe1+ Kd8 17. Rab1 Rb8 18. Bxd7 Qxd7 19. Nd4 b6 20. Nc6+
Kc7 21. Nxb8 Kxb8 22. a4 Be7 23. a5 Bd8 24. Re4 Re8 25. Rb4 Qb7 26. c4 Re5 27.
g3 Kc8 28. Qf3 Qe7 29. Kg2 Re4 30. Qd3 f5 31. R4b2 Re5 32. axb6 Bxb6 33. Rxb6
axb6 34. Rxb6 Re1 35. c5 Qe4+ 36. Qxe4 Rxe4 37. Rxd6 Kc7 38. Ra6 Kb7 39. Rf6
Re5 40. c6+ Kc7 41. Rxf7+ Kb6 42. Rb7+ 1-0

[Event "Ch. Provence 2006"]
[Site "?"]
[Date "2006.01.28"]
[Round "5"]
[White "Jean, Olivier"]
[Black "Zejneli, Skender"]
[Result "0-1"]
[WhiteElo "2207"]
[BlackElo "2050"]
[PlyCount "116"]
[EventDate "2006.??.??"]

1. e4 c5 2. Nf3 e6 3. Nc3 Nc6 4. d4 cxd4 5. Nxd4 Nf6 6. Ndb5 d6 7. Bf4 e5 8.
Bg5 a6 9. Na3 Be7 10. Nc4 Be6 11. Bxf6 gxf6 12. Ne3 Rc8 13. Ncd5 Bf8 14. c3 Bh6
15. Qf3 Bg7 16. Rd1 b5 17. h4 Ne7 18. Nxf6+ Bxf6 19. Qxf6 Ng6 20. Qg7 Ke7 21.
h5 Qf8 22. Qxf8+ Nxf8 23. g3 Nd7 24. Bg2 h6 25. O-O Nc5 26. Rd2 Rhd8 27. b3 a5
28. Rfd1 b4 29. cxb4 axb4 30. f3 Nb7 31. Bf1 Na5 32. Kh2 Rc3 33. Rd3 Rdc8 34.
Bh3 Rxd3 35. Rxd3 Rc3 36. Rxc3 bxc3 37. Bf1 Nc6 38. Nc2 f5 39. Kg2 fxe4 40.
fxe4 Bg4 41. Ne3 Nb4 42. Bd3 Nxd3 43. Nd5+ Kd8 44. Nxc3 Bxh5 45. Nd5 Bf7 46.
Nc3 Kc7 47. Kf3 h5 48. Ke3 Nb4 49. Kf3 Kb6 50. g4 Kc5 51. gxh5 Bxh5+ 52. Ke3
Nc2+ 53. Kd3 Nd4 54. Na4+ Kb4 55. Nb6 Bg4 56. Nd5+ Ka3 57. Nf6 Be2+ 58. Ke3 Bb5
0-1

[Event "Ch. Provence 2006"]
[Site "2006"]
[Date "2006.01.28"]
[Round "5"]
[White "Ferrero, Patrick"]
[Black "Jean, Claude"]
[Result "0-1"]
[WhiteElo "2031"]
[BlackElo "2202"]
[PlyCount "106"]
[EventDate "2006.??.??"]

1. d4 d5 2. Nf3 Nf6 3. Bf4 e6 4. e3 c5 5. c3 Nc6 6. Nbd2 Be7 7. Bd3 Qb6 8. Qb3
c4 9. Qxb6 axb6 10. Bc2 b5 11. b4 cxb3 12. Bxb3 O-O 13. O-O Bd7 14. Rfb1 Ra3
15. Rb2 Rc8 16. Nb1 Ra7 17. Nfd2 Na5 18. Bc2 b4 19. cxb4 Bxb4 20. a3 Be7 21. f3
Nh5 22. Bg3 Nxg3 23. hxg3 b5 24. Kf2 f5 25. Raa2 h6 26. Bd1 Nc4 27. Nxc4 dxc4
28. Nc3 Rxa3 29. Ne2 Rxa2 30. Rxa2 Rc7 31. e4 g5 32. g4 fxg4 33. f4 b4 34. Ra8+
Kf7 35. e5 Bc6 36. Rb8 Bd5 37. fxg5 hxg5 38. Ng3 c3 39. Ba4 Bc6 40. Bb3 Bd5 41.
Ba4 Bc6 42. Bb3 Bd7 43. Bc2 b3 44. Rxb3 Ba4 45. Rxc3 Rxc3 46. Bxa4 Rd3 47. Ne2
g3+ 48. Nxg3 Rxd4 49. Bb3 Bc5 50. Ke2 Rf4 51. Kd3 Rd4+ 52. Kc3 Rg4 53. Nf5 Rxg2
0-1

[Event "Ch. Provence 2006"]
[Site "2006"]
[Date "2006.03.18"]
[Round "6"]
[White "Rosso, Marco"]
[Black "Jean, Olivier"]
[Result "1/2-1/2"]
[WhiteElo "1949"]
[BlackElo "2190"]
[PlyCount "148"]
[EventDate "2006.??.??"]

1. d4 Nf6 2. c4 g6 3. Nc3 Bg7 4. Nf3 d6 5. g3 O-O 6. Bg2 Nbd7 7. O-O e5 8. e4
exd4 9. Nxd4 Re8 10. Re1 Nc5 11. b4 Ne6 12. Be3 Ng4 13. Nxe6 Nxe3 14. Qd3 Bxe6
15. Rxe3 a5 16. b5 Qg5 17. Rd1 Qc5 18. Nd5 Rad8 19. Bf1 c6 20. Nc7 Rf8 21. Nxe6
fxe6 22. Bh3 e5 23. Be6+ Kh8 24. Qa3 cxb5 25. cxb5 Qc2 26. Rf1 Bh6 27. Qb3 Qd2
28. Rd3 Qe2 29. Bd5 Rc8 30. Qd1 Qb2 31. Qb3 Qe2 32. Qd1 Qb2 33. Qb3 Rc2 34.
Qxb2 Rxb2 35. Bxb7 Rxa2 36. Bd5 Rb2 37. Rb3 Rxb3 38. Bxb3 Rb8 39. Ba4 Bd2 40.
Rd1 Bb4 41. Rc1 Bc5 42. Kg2 Kg7 43. f4 Kf6 44. Kf3 Rc8 45. h3 exf4 46. gxf4 g5
47. f5 Ke5 48. Rc4 h5 49. Bb3 Rb8 50. Ba4 Rb6 51. Rc2 Rb7 52. Rc4 Rf7 53. Bb3
Rb7 54. Ba4 Rb8 55. Rc2 Kd4 56. Rc1 Kd3 57. e5 Rf8 58. Rd1+ Kc3 59. exd6 Rxf5+
60. Kg3 Rf4 61. d7 Bb6 62. d8=Q Bxd8 63. Rxd8 Rxa4 64. Ra8 h4+ 65. Kf3 Rf4+ 66.
Ke3 Kb4 67. b6 Rf7 68. Ra7 Rf8 69. Rd7 Rf6 70. b7 Rb6 71. Rd1 Kc5 72. Ra1 Rxb7
73. Rxa5+ Kc4 74. Rxg5 Rb3+ 1/2-1/2

[Event "Ch. Provence 2006"]
[Site "2006"]
[Date "2006.03.18"]
[Round "6"]
[White "Deleau, Denis"]
[Black "Ferrero, Patrick"]
[Result "1/2-1/2"]
[WhiteElo "2124"]
[BlackElo "2031"]
[PlyCount "73"]
[EventDate "2006.??.??"]

1. e4 c5 2. Nc3 Nc6 3. g3 g6 4. Bg2 Bg7 5. d3 d6 6. Be3 a6 7. Qd2 b5 8. f4 Bb7
9. Nf3 Nf6 10. h3 Nd7 11. O-O b4 12. Nd1 O-O 13. g4 e6 14. c4 a5 15. d4 cxd4
16. Nxd4 Nxd4 17. Bxd4 Bxd4+ 18. Qxd4 Qb6 19. Qxb6 Nxb6 20. b3 Nd7 21. Nf2 Nc5
22. Rad1 Rfd8 23. Rd2 h6 24. Rfd1 a4 25. Rxd6 Rxd6 26. Rxd6 axb3 27. axb3 Ra1+
28. Kh2 Ra2 29. Kg1 Ra1+ 30. Bf1 Bxe4 31. Rd8+ Kg7 32. Rc8 Bd3 33. Rxc5 Bxf1
34. Kh2 Ra2 35. Kg1 Ra1 36. Kh2 Ra2 37. Kg1 1/2-1/2